Database Management Systems (Record no. 8069)
[ view plain ]
| 000 -LEADER | |
|---|---|
| fixed length control field | 00248nam a2200109Ia 4500 |
| 020 ## - INTERNATIONAL STANDARD BOOK NUMBER | |
| ISBN | 978-0071231510 |
| 100 ## - MAIN ENTRY--AUTHOR NAME | |
| Personal name | Ramakrishnan, Gehrke |
| 245 #0 - TITLE STATEMENT | |
| Title | Database Management Systems |
| 260 ## - PUBLICATION, DISTRIBUTION, ETC. (IMPRINT) | |
| Place of publication | USA |
| Name of publisher | Microsoft Press |
| Year of publication | 2001 |
| 300 ## - PHYSICAL DESCRIPTION | |
| Number of Pages | 1180 |
| 942 ## - ADDED ENTRY ELEMENTS (KOHA) | |
| Koha item type | Books |
| Withdrawn status | Lost status | Collection code | Permanent Location | Current Location | Shelving location | Date acquired | Full call number | Accession Number | Koha item type |
|---|---|---|---|---|---|---|---|---|---|
| | | Database Systems | MAJU | MAJU | Shelf No.B19 | 2019-09-13 | 512.5 | 2467 | Computer Science |